{"text_format":"3","workbook":"xlsx","n_sheets":1,"sheets":["t464"],"read":"whole","date_system":"1900"}

{"sheet":"t464","index":0,"n_rows":167,"n_cols":7,"rows_kept":167,"merged":[[0,0,0,6],[28,0,28,5],[40,0,40,5],[148,0,148,5]]}
["TABELA 464.1 - Estatísticas Agrícolas, Município de Queiroz, Estado de São Paulo, 2016/17."]
["ITEM","UNIDADE","N.DE UPAs","MÍNIMO","MÉDIO","MÁXIMO","TOTAL"]
["Distância à sede do município","km",120,0.1,{"v":9.21,"d":"9.2"},{"v":30,"d":"30.0"},"-"]
["Área total","hectare",120,2.4,{"v":185.87,"d":"185.9"},{"v":2059.8,"d":"2,059.8"},{"v":22304.4,"d":"22,304.4"}]
["Área com cultura perene","hectare",7,0.3,{"v":9.79,"d":"9.8"},33.8,68.5]
["Área com cultura temporária","hectare",82,0.2,{"v":157.29,"d":"157.3"},{"v":985,"d":"985.0"},{"v":12898.1,"d":"12,898.1"}]
["Área com pastagem","hectare",73,1.2,{"v":71.66,"d":"71.7"},691.4,{"v":5231.5,"d":"5,231.5"}]
["Área com reflorestamento","hectare",13,0.2,{"v":13.65,"d":"13.7"},{"v":57,"d":"57.0"},177.5]
["Área com vegetação natural","hectare",45,0.5,{"v":20.55,"d":"20.6"},{"v":279,"d":"279.0"},924.9]
["Área com vegetação de brejo e várzea","hectare",89,0.1,{"v":28.86,"d":"28.9"},336.5,{"v":2568.4,"d":"2,568.4"}]
["Área em descanso","hectare",8,2.6,{"v":23.44,"d":"23.4"},{"v":99,"d":"99.0"},187.5]
["Área complementar","hectare",91,0.1,{"v":2.73,"d":"2.7"},{"v":75,"d":"75.0"},{"v":248,"d":"248.0"}]
["Área das UPAs com (0, 1] ha","hectare","-","-","-","-","-"]
["Área das UPAs com (1, 2] ha","hectare","-","-","-","-","-"]
["Área das UPAs com (2, 5] ha","hectare",5,2.4,{"v":3.16,"d":"3.2"},4.8,15.8]
["Área das UPAs com (5, 10] ha","hectare",10,5.6,{"v":8.29,"d":"8.3"},9.8,82.9]
["Área das UPAs com (10, 20] ha","hectare",14,12.1,{"v":16.76,"d":"16.8"},19.4,234.6]
["Área das UPAs com (20, 50] ha","hectare",23,23.9,{"v":35.05,"d":"35.1"},49.6,806.2]
["Área das UPAs com (50, 100] ha","hectare",17,50.8,{"v":73.14,"d":"73.1"},{"v":95,"d":"95.0"},{"v":1243.4,"d":"1,243.4"}]
["Área das UPAs com (100, 200] ha","hectare",21,100.1,{"v":143.39,"d":"143.4"},{"v":197,"d":"197.0"},{"v":3011.2,"d":"3,011.2"}]
["Área das UPAs com (200, 500] ha","hectare",19,206.6,{"v":326.36,"d":"326.4"},459.8,{"v":6200.8,"d":"6,200.8"}]
["Área das UPAs com (500, 1.000] ha","hectare",6,{"v":546,"d":"546.0"},{"v":649,"d":"649.0"},909.3,{"v":3894,"d":"3,894.0"}]
["Área das UPAs com (1.000, 2.000] ha","hectare",4,{"v":1025,"d":"1,025.0"},{"v":1188.93,"d":"1,188.9"},{"v":1456.5,"d":"1,456.5"},{"v":4755.7,"d":"4,755.7"}]
["Área das UPAs com (2.000, 5.000] ha","hectare",1,{"v":2059.8,"d":"2,059.8"},{"v":2059.8,"d":"2,059.8"},{"v":2059.8,"d":"2,059.8"},{"v":2059.8,"d":"2,059.8"}]
["Área das UPAs com (5.000, 10.000] ha","hectare","-","-","-","-","-"]
["Área das UPAs acima de 10.000 ha","hectare","-","-","-","-","-"]
["Fonte: Secretaria de Agricultura e Abastecimento, CDRS/IEA, Projeto LUPA."]
[]
["TABELA 464.2 - Explorações Animais, Município de Queiroz, Estado de São Paulo, 2016/17."]
["ITEM","UNIDADE","N.DE UPAs","MÍNIMO","MÉDIO","MÁXIMO","TOTAL"]
["Apicultura","colmeias",1,{"v":1,"d":"1.0"},{"v":1,"d":"1.0"},{"v":1,"d":"1.0"},{"v":1,"d":"1.0"}]
["Asininos e muares","cabecas",4,{"v":2,"d":"2.0"},4.5,{"v":12,"d":"12.0"},{"v":18,"d":"18.0"}]
["Avicultura para ovos","cabecas",1,{"v":661000,"d":"661,000.0"},{"v":661000,"d":"661,000.0"},{"v":661000,"d":"661,000.0"},{"v":661000,"d":"661,000.0"}]
["Bovinocultura de corte","cabecas",42,{"v":9,"d":"9.0"},{"v":168.31,"d":"168.3"},{"v":1798,"d":"1,798.0"},{"v":7069,"d":"7,069.0"}]
["Bovinocultura leiteira","cabecas",10,{"v":4,"d":"4.0"},30.7,{"v":150,"d":"150.0"},{"v":307,"d":"307.0"}]
["Bovinocultura mista","cabecas",10,{"v":8,"d":"8.0"},45.7,{"v":260,"d":"260.0"},{"v":457,"d":"457.0"}]
["Bubalinocultura","cabecas",7,{"v":30,"d":"30.0"},{"v":47.43,"d":"47.4"},{"v":100,"d":"100.0"},{"v":332,"d":"332.0"}]
["Equinocultura","cabecas",40,{"v":1,"d":"1.0"},{"v":5,"d":"5.0"},{"v":40,"d":"40.0"},{"v":200,"d":"200.0"}]
["Fonte: Secretaria de Agricultura e Abastecimento, CDRS/IEA, Projeto LUPA."]
[]
["TABELA 464.3 -  Máquinas, Implementos e Benfeitorias, Município de Queiroz, Estado de São Paulo, 2016/17."]
["ITEM","UNIDADE","N.DE UPAs","MÍNIMO","MÉDIO","MÁXIMO","TOTAL"]
["Arado comum (bacia, aiveca)","unidade",21,{"v":1,"d":"1.0"},{"v":1.86,"d":"1.9"},{"v":5,"d":"5.0"},{"v":39,"d":"39.0"}]
["Arado escarificador","unidade",1,{"v":1,"d":"1.0"},{"v":1,"d":"1.0"},{"v":1,"d":"1.0"},{"v":1,"d":"1.0"}]
["Arado subsolador","unidade",3,{"v":1,"d":"1.0"},{"v":4.33,"d":"4.3"},{"v":9,"d":"9.0"},{"v":13,"d":"13.0"}]
["Batedeira de cereais","unidade",2,{"v":1,"d":"1.0"},{"v":1,"d":"1.0"},{"v":1,"d":"1.0"},{"v":2,"d":"2.0"}]
["Camara fria","unidade",1,{"v":1,"d":"1.0"},{"v":1,"d":"1.0"},{"v":1,"d":"1.0"},{"v":1,"d":"1.0"}]
["Carregadeira de cana","unidade",1,{"v":13,"d":"13.0"},{"v":13,"d":"13.0"},{"v":13,"d":"13.0"},{"v":13,"d":"13.0"}]
["Carreta de trator","unidade",20,{"v":1,"d":"1.0"},2.2,{"v":14,"d":"14.0"},{"v":44,"d":"44.0"}]
["Colhedeira acoplada","unidade",5,{"v":1,"d":"1.0"},1.6,{"v":3,"d":"3.0"},{"v":8,"d":"8.0"}]
["Colhedeira automotriz","unidade",1,{"v":65,"d":"65.0"},{"v":65,"d":"65.0"},{"v":65,"d":"65.0"},{"v":65,"d":"65.0"}]
["Computador","unidade",3,{"v":1,"d":"1.0"},{"v":4.67,"d":"4.7"},{"v":8,"d":"8.0"},{"v":14,"d":"14.0"}]
["Conj.irrigacao autopropelido","unidade",1,{"v":33,"d":"33.0"},{"v":33,"d":"33.0"},{"v":33,"d":"33.0"},{"v":33,"d":"33.0"}]
["Conj.irrigacao convencional","unidade",2,{"v":1,"d":"1.0"},7.5,{"v":14,"d":"14.0"},{"v":15,"d":"15.0"}]
["Conjunto de fenacao","unidade",1,{"v":1,"d":"1.0"},{"v":1,"d":"1.0"},{"v":1,"d":"1.0"},{"v":1,"d":"1.0"}]
["Desintegrador, picador, triturador","unidade",24,{"v":1,"d":"1.0"},{"v":1.04,"d":"1.0"},{"v":2,"d":"2.0"},{"v":25,"d":"25.0"}]
["Distribuidor de calcario","unidade",10,{"v":1,"d":"1.0"},1.3,{"v":3,"d":"3.0"},{"v":13,"d":"13.0"}]
["Ensiladeira","unidade",10,{"v":1,"d":"1.0"},1.2,{"v":3,"d":"3.0"},{"v":12,"d":"12.0"}]
["Grade aradora (tipo romi)","unidade",9,{"v":1,"d":"1.0"},{"v":1.89,"d":"1.9"},{"v":6,"d":"6.0"},{"v":17,"d":"17.0"}]
["Grade niveladora","unidade",16,{"v":1,"d":"1.0"},{"v":1.44,"d":"1.4"},{"v":4,"d":"4.0"},{"v":23,"d":"23.0"}]
["Maquina de classificar ovo","unidade",1,{"v":2,"d":"2.0"},{"v":2,"d":"2.0"},{"v":2,"d":"2.0"},{"v":2,"d":"2.0"}]
["Misturador de racao","unidade",2,{"v":1,"d":"1.0"},{"v":1,"d":"1.0"},{"v":1,"d":"1.0"},{"v":2,"d":"2.0"}]
["Mmicrotrator","unidade",1,{"v":2,"d":"2.0"},{"v":2,"d":"2.0"},{"v":2,"d":"2.0"},{"v":2,"d":"2.0"}]
["Ordenhadeira mecanica","unidade",7,{"v":1,"d":"1.0"},{"v":1,"d":"1.0"},{"v":1,"d":"1.0"},{"v":7,"d":"7.0"}]
["Pulverizador tratorizado","unidade",11,{"v":1,"d":"1.0"},{"v":1.73,"d":"1.7"},{"v":5,"d":"5.0"},{"v":19,"d":"19.0"}]
["Resfriador de leite, tanque expansao","unidade",6,{"v":1,"d":"1.0"},{"v":1,"d":"1.0"},{"v":1,"d":"1.0"},{"v":6,"d":"6.0"}]
["Retroescavadeira","unidade",1,{"v":2,"d":"2.0"},{"v":2,"d":"2.0"},{"v":2,"d":"2.0"},{"v":2,"d":"2.0"}]
["Roçadeira tratorizada","unidade",1,{"v":1,"d":"1.0"},{"v":1,"d":"1.0"},{"v":1,"d":"1.0"},{"v":1,"d":"1.0"}]
["Roçadora","unidade",15,{"v":1,"d":"1.0"},{"v":1.27,"d":"1.3"},{"v":2,"d":"2.0"},{"v":19,"d":"19.0"}]
["Semeadeira/adubadeira para plantio convencional","unidade",7,{"v":1,"d":"1.0"},{"v":1.57,"d":"1.6"},{"v":4,"d":"4.0"},{"v":11,"d":"11.0"}]
["Terraceador","unidade",3,{"v":1,"d":"1.0"},{"v":2.33,"d":"2.3"},{"v":4,"d":"4.0"},{"v":7,"d":"7.0"}]
["Trator de pneus  acima de 85 cv","unidade",10,{"v":1,"d":"1.0"},28.1,{"v":265,"d":"265.0"},{"v":281,"d":"281.0"}]
["Trator de pneus até 65 cv","unidade",10,{"v":1,"d":"1.0"},1.8,{"v":4,"d":"4.0"},{"v":18,"d":"18.0"}]
["Trator de pneus de 66 cv a 85 cv","unidade",16,{"v":1,"d":"1.0"},{"v":1.88,"d":"1.9"},{"v":13,"d":"13.0"},{"v":30,"d":"30.0"}]
["Acude/represa","unidade",37,{"v":1,"d":"1.0"},{"v":3.11,"d":"3.1"},{"v":13,"d":"13.0"},{"v":115,"d":"115.0"}]
["Almoxarifado/oficina","unidade",8,{"v":1,"d":"1.0"},{"v":1.13,"d":"1.1"},{"v":2,"d":"2.0"},{"v":9,"d":"9.0"}]
["Armazem para graos ensacados","sacas",4]
["Balanca para bovinos","unidade",3,{"v":1,"d":"1.0"},{"v":1,"d":"1.0"},{"v":1,"d":"1.0"},{"v":3,"d":"3.0"}]
["Balanca para veiculos","unidade",3,{"v":1,"d":"1.0"},{"v":1,"d":"1.0"},{"v":1,"d":"1.0"},{"v":3,"d":"3.0"}]
["Barracao/galpao/garagem","unidade",28,{"v":1,"d":"1.0"},{"v":1.18,"d":"1.2"},{"v":2,"d":"2.0"},{"v":33,"d":"33.0"}]
["Casa de moradia habitada","unidade",47,{"v":1,"d":"1.0"},{"v":2.23,"d":"2.2"},{"v":41,"d":"41.0"},{"v":105,"d":"105.0"}]
["Casa de moradia total","unidade",68,{"v":1,"d":"1.0"},{"v":2.09,"d":"2.1"},{"v":41,"d":"41.0"},{"v":142,"d":"142.0"}]
["Curral/mangueira","unidade",57,{"v":1,"d":"1.0"},{"v":1.11,"d":"1.1"},{"v":3,"d":"3.0"},{"v":63,"d":"63.0"}]
["Deposito/tulha","unidade",37,{"v":1,"d":"1.0"},{"v":1.03,"d":"1.0"},{"v":2,"d":"2.0"},{"v":38,"d":"38.0"}]
["Estabulo","unidade",5,{"v":1,"d":"1.0"},{"v":1,"d":"1.0"},{"v":1,"d":"1.0"},{"v":5,"d":"5.0"}]
["Fabrica de racao","unidade",1,{"v":1,"d":"1.0"},{"v":1,"d":"1.0"},{"v":1,"d":"1.0"},{"v":1,"d":"1.0"}]
["Instalacoes para equinos","unidade",1,{"v":3,"d":"3.0"},{"v":3,"d":"3.0"},{"v":3,"d":"3.0"},{"v":3,"d":"3.0"}]
["Pocilga","unidade",1,{"v":1,"d":"1.0"},{"v":1,"d":"1.0"},{"v":1,"d":"1.0"},{"v":1,"d":"1.0"}]
["Poco semi-artesiano","unidade",37,{"v":1,"d":"1.0"},{"v":1.11,"d":"1.1"},{"v":2,"d":"2.0"},{"v":41,"d":"41.0"}]
["Secador de graos","unidade",2,{"v":1,"d":"1.0"},2.5,{"v":4,"d":"4.0"},{"v":5,"d":"5.0"}]
["Silo para graos","ton",1]
["Silo para silagem","ton",1]
["Terreiro","m2",1]
["Usina de acucar/destilaria","unidade",1,{"v":1,"d":"1.0"},{"v":1,"d":"1.0"},{"v":1,"d":"1.0"},{"v":1,"d":"1.0"}]
["Fonte: Secretaria de Agricultura e Abastecimento, CDRS/IEA, Projeto LUPA."]
[]
["TABELA 464.4 - Outras Estatísticas Agrícolas, Município de Queiroz, Estado de São Paulo, 2016/17."]
["ITEM","Número de UPAs",null,"Percentual"]
["Faz Parte de Associação de Produtores",19,null,{"v":15.833333333333334,"d":"15.8"}]
["Faz Parte de Cooperativa de Produtores",73,null,{"v":60.833333333333336,"d":"60.8"}]
["Faz Parte do Sindicato de Produtores",30,null,{"v":25,"d":"25.0"}]
["Não utiliza assistência técnica ",37,null,{"v":30.833333333333332,"d":"30.8"}]
["Utiliza somente assistência técnica governamental ",32,null,{"v":26.666666666666668,"d":"26.7"}]
["Utiliza somente assistência técnica privada ",31,null,{"v":25.833333333333332,"d":"25.8"}]
["Utiliza assistência técnica tanto governamental quanto privada",20,null,{"v":16.666666666666668,"d":"16.7"}]
["Utiliza Crédito Rural",22,null,{"v":18.333333333333332,"d":"18.3"}]
["Utiliza Seguro Rural",3,null,2.5]
["Utiliza Escrituração Agrícola",39,null,32.5]
["Acessa Internet p/ Fins na Agropecuária",45,null,37.5]
["Utiliza Computador nas Atividades Agropecuárias",25,null,{"v":20.833333333333332,"d":"20.8"}]
["Utiliza Energia Elétrica Para Uso na Atividade Agrícola",77,null,{"v":64.16666666666667,"d":"64.2"}]
["Utiliza Energia Alternativa",1,null,{"v":0.8333333333333334,"d":"0.8"}]
["Realiza Análise de Solo, quando necessário",82,null,{"v":68.33333333333333,"d":"68.3"}]
["Realiza Calagem",67,null,{"v":55.833333333333336,"d":"55.8"}]
["Utiliza Práticas de Conservação de Solo, quando necessário",107,null,{"v":89.16666666666666,"d":"89.2"}]
["Faz Adubação Mineral, quando necessário",91,null,{"v":75.83333333333333,"d":"75.8"}]
["Faz Adubação Orgânica, quando necessário",48,null,{"v":40,"d":"40.0"}]
["Faz Adubação Verde, quando necessário",7,null,{"v":5.833333333333334,"d":"5.8"}]
["Utiliza Manejo Integrado de Pragas (MIP)","-",null,"-"]
["Utiliza Hidroponia","-",null,"-"]
["Utiliza Cultivo em Estufa","-",null,"-"]
["Utiliza Mudas Fiscalizadas",17,null,{"v":14.166666666666668,"d":"14.2"}]
["Utiliza Semente Melhorada",15,null,12.5]
["Faz Confinamento de Bovinos",4,null,{"v":3.3333333333333335,"d":"3.3"}]
["Utiliza Pastejo Intensivo",7,null,{"v":5.833333333333334,"d":"5.8"}]
["Faz Inseminação Artificial",2,null,{"v":1.6666666666666667,"d":"1.7"}]
["Faz Mineralização do Rebanho",58,null,{"v":48.33333333333333,"d":"48.3"}]
["Faz Vermifugação do Rebanho",59,null,{"v":49.166666666666664,"d":"49.2"}]
["Possui Parceiros /Arrendatários na Exploração Animal",8,null,{"v":6.666666666666667,"d":"6.7"}]
["Existência de trabalhadores c/ deficiência na UPA","-",null,"-"]
["Esporte e lazer","-",null,"-"]
["Extração mineral","-",null,"-"]
["Hotel Fazenda, Pousada ou SPA","-",null,"-"]
["Pesque-pague","-",null,"-"]
["Restaurante ou Lanchonete","-",null,"-"]
["Transformação artesanal","-",null,"-"]
["Turismo rural ou ecoturismo","-",null,"-"]
["Outras atividades econômicas rurais","-",null,"-"]
["Agroindústria","-",null,"-"]
["Proprietário sem instrução ou com instrução incompleta",4,null,{"v":3.3333333333333335,"d":"3.3"}]
["Proprietário com antigo primário completo",19,null,{"v":15.833333333333334,"d":"15.8"}]
["Proprietário com 1° grau (ou antigo ginasial) completo",24,null,{"v":20,"d":"20.0"}]
["Proprietário com 2° grau (ou antigo colegial) completo",30,null,{"v":25,"d":"25.0"}]
["Proprietário com curso superior completo ",40,null,{"v":33.333333333333336,"d":"33.3"}]
["Pessoa Jurídica",3,null,2.5]
["Proprietário residente na própria UPA ",19,null,{"v":15.833333333333334,"d":"15.8"}]
["Fonte: Secretaria de Agricultura e Abastecimento, CDRS/IEA, Projeto LUPA."]
[]
["TABELA 464.5 - Área Cultivada, Município de Queiroz, Estado de São Paulo, 2016/17."]
["CULTURA","N.DE UPAs","MÍNIMO","MÉDIO","MÁXIMO","TOTAL"]
["Cana-de-acucar finalidade industria",61,2.4,{"v":187.67,"d":"187.7"},{"v":985,"d":"985.0"},{"v":11447.6,"d":"11,447.6"}]
["Braquiaria",73,1.2,{"v":71.66,"d":"71.7"},691.4,{"v":5231.5,"d":"5,231.5"}]
["Amendoim",9,{"v":19,"d":"19.0"},75.5,214.8,679.5]
["Cana-de-acucar outras finalidades",8,0.2,72.3,532.4,578.4]
["Eucalipto",12,0.2,{"v":13.54,"d":"13.5"},{"v":47,"d":"47.0"},162.5]
["Batata-doce",8,{"v":8,"d":"8.0"},20.2,36.4,161.6]
["Seringueira",4,4.8,{"v":14.38,"d":"14.4"},24.2,57.5]
["Abobora (ou jerimum)",1,19.4,19.4,19.4,19.4]
["Pinus",1,{"v":10,"d":"10.0"},{"v":10,"d":"10.0"},{"v":10,"d":"10.0"},{"v":10,"d":"10.0"}]
["Macadamia (ou noz-macadamia)",1,9.6,9.6,9.6,9.6]
["Teca",1,{"v":5,"d":"5.0"},{"v":5,"d":"5.0"},{"v":5,"d":"5.0"},{"v":5,"d":"5.0"}]
["Mandioca",1,{"v":4,"d":"4.0"},{"v":4,"d":"4.0"},{"v":4,"d":"4.0"},{"v":4,"d":"4.0"}]
["Tomate rasteiro",1,{"v":4,"d":"4.0"},{"v":4,"d":"4.0"},{"v":4,"d":"4.0"},{"v":4,"d":"4.0"}]
["Milho safra",1,3.6,3.6,3.6,3.6]
["Cafe",2,0.3,0.4,0.5,0.8]
["Pomar domestico",1,0.6,0.6,0.6,0.6]
["Fonte: Secretaria de Agricultura e Abastecimento, CDRS/IEA, Projeto LUPA."]